[Event "18th Aeroflot Open-A 2020"]
[Site "Moscow"]
[Date "2020.02.20"]
[Round "2.42"]
[White "Rahul Srivatshav P"]
[Black "Erigaisi Arjun"]
[Result "0-1"]
[WhiteElo "2474"]
[BlackElo "2563"]
[Annotator "TA"]
[PlyCount "102"]
[EventDate "2020.02.19"]
[EventType "swiss"]
[EventCountry "RUS"]
[SourceTitle "playchess.com"]
[Source "ChessBase"]
[SourceQuality "1"]

{[%evp 17,102,14,18,9,33,22,47,38,48,24,48,31,17,0,16,-44,-47,-93,-39,-120,-122,-134,-59,-73,-77,-97,-97,-93,-81,-81,-64,-64,-64,-58,-64,-70,-56,-113,-118,-139,-152,-197,-177,-283,-269,-333,-273,-271,-272,-265,-265,-439,-434,-369,-295,-468,-406,-471,-482,-513,-504,-527,-508,-549,-516,-716,-696,-756,-733,-772,-757,-931,-921,-859,-834,-1838,-538,-1777,-1617,-2395,-2188,-2468,-2036,-1821,-1663,-1126,-1002]} 1. d4 g6 2. c4 Bg7 3. Nf3 d6 4. e4 Bg4 5. Be2 Nc6 6. Be3 e5 7. d5 Bxf3 8. Bxf3 Nd4 9. Nc3 c5 10. Bg4 {A41: 1 d4 d6: Tartakower System and Modern Defence.} h5 11. Bh3 Nh6 12. O-O {White is slightly better.} O-O 13. f3 Kh7 14. Qd2 f5 15. Ne2 f4 16. Bf2 (16. Bxd4 $11 exd4 17. g3 (17. Nxf4 Qg5 $15)) 16... Nf7 $15 17. b4 b6 ({Better is} 17... Ng5 $17 18. Bxd4 Nxh3+ 19. gxh3 cxd4) 18. Rab1 (18. Kh1 $15) 18... Ng5 $17 19. Nxd4 {[#] Threatens to win with Ne6.} exd4 (19... Nxh3+ $17 20. gxh3 cxd4) 20. Qe2 Rf7 21. bxc5 bxc5 22. Rb3 Nxh3+ 23. gxh3 Qd7 24. h4 Bf6 25. Rfb1 Rg8 26. Kh1 Rgg7 27. Qd3 {White is now going downhill.} (27. Be1 $15) 27... Qe7 28. Rb8 Bxh4 29. Bg1 Bf6 30. Qf1 (30. Bf2 $142) 30... Qd7 $19 31. Ra8 Rg8 32. Rxg8 Kxg8 33. Rb8+ Kh7 34. Kg2 $2 (34. h3) 34... Qa4 35. Qe2 g5 36. h4 (36. h3 $142) 36... gxh4 37. e5 Bxe5 {Black is clearly winning.} 38. Qd3+ Kg7 39. Bf2 Qxa2 40. Kh3 Qa4 ({Inferior is} 40... Qxf2 {[#]} 41. Rg8+ $3 {[%mdl 512]} Kxg8 42. Qg6+ Rg7 43. Qxg7+ Kxg7 $11) 41. Qb1 Qd7+ 42. Kh2 Qf5 43. Qg1+ Kh6 44. Bxh4 Qg6 45. Qf1 Kh7 46. Qg2 Qxg2+ 47. Kxg2 a5 48. Ra8 Rb7 49. Rxa5 Rb2+ 50. Kh3 d3 51. Ra7+ Kg6 {Accuracy: White = 48%, Black = 90%.} 0-1

[Event "18th Aeroflot Open-A 2020"]
[Site "Moscow"]
[Date "2020.02.21"]
[Round "3.1"]
[White "Mamedov, Rauf"]
[Black "Sargsyan, Shant"]
[Result "1-0"]
[WhiteElo "2643"]
[BlackElo "2594"]
[Annotator "TA"]
[PlyCount "101"]
[EventDate "2020.02.19"]
[EventType "swiss"]
[EventCountry "RUS"]
[SourceTitle "playchess.com"]
[Source "ChessBase"]
[SourceQuality "1"]

{[%evp 17,101,0,0,6,39,0,0,10,8,6,14,10,11,10,7,5,24,27,52,54,77,58,52,44,97,77,85,75,134,142,135,131,144,135,172,156,145,140,153,143,218,227,226,219,209,209,226,231,215,217,219,193,308,293,425,467,435,431,531,570,569,568,539,548,664,640,809,782,760,767,760,758,836,778,707,707,1193,1206,1032,943,867,710,1392,1403,1435,1368]} 1. e4 e5 2. Nf3 Nc6 3. Bc4 Bc5 4. c3 Nf6 5. d4 exd4 6. e5 d5 7. Bb5 Ne4 8. cxd4 Bb6 9. Nc3 O-O 10. Be3 {C54: Giuoco Piano: 4 c3 Nf6, main lines with 5 d4 and 5 d3.} f6 11. exf6 (11. Qb3 {looks sharper.} Nxc3 12. Bxc6 bxc6 13. Qxc3 Bf5 14. a4) 11... Nxc3 12. bxc3 {Black should prevent Bxc6.The position is equal.} Qxf6 13. O-O Bg4 {[%cal Rg4f3]} 14. Be2 $1 Rae8 15. h3 Bh5 16. Qc2 Kh8 {[#]} 17. Rae1 $146 ({Predecessor:} 17. a4 Bg6 18. Bd3 Bxd3 19. Qxd3 Qf5 20. Qxf5 Rxf5 21. Rfe1 Rff8 22. Bf4 Kg8 23. Rxe8 Rxe8 {1-0 (41) Jones,G (2682)-Jakovenko,D (2735) St Petersburg 2018}) 17... Bxf3 18. Bxf3 Ne7 19. Bh5 g6 20. Bg4 {Bh6 is the strong threat.} h5 {Black is now going downhill.} (20... Nf5 $14) 21. Bd7 $16 {[#] aiming for Qd2.} Rd8 22. Bb5 c6 ({Black should play} 22... Nf5) 23. Qd2 Rde8 ({Avoid the trap} 23... cxb5 $2 {[#]} 24. Bg5 $1 $18 {[%mdl 512]}) 24. Bg5 $36 {[%mdl 2048] Black is under strong pressure.} Qf7 25. Bd3 {Hoping for Bxe7.} Nf5 26. g4 Nd6 27. Bh6 Rg8 28. Bf4 Ne4 (28... Nc4 $16 {keeps fighting.} 29. Bxc4 dxc4) 29. Bxe4 $18 Rxe4 30. Rxe4 dxe4 31. Re1 Qd5 32. Be5+ Kh7 33. Qc2 Bd8 34. Rxe4 h4 (34... b5 $142 35. Qe2 Bh4 36. gxh5 gxh5+ 37. Kh2 Kh6) 35. c4 Qf7 (35... Qd7 {is a better defense.} 36. Qd3 Rf8) 36. Rf4 {White is clearly winning.} Qd7 37. c5 {And now Qb3 would win.} Bc7 38. Qb3 {White wants to mate with Rf7+.} Bxe5 39. dxe5 {[%mdl 4096] Endgame Strongly threatening Rf7+. KQR-KQR} Rg7 40. g5 {[%cal Rf4h4]} Re7 41. Rf8 {[%csl Gf8][%cal Rb3g8]} ({Weaker is} 41. Rxh4+ Kg7 $18) 41... Qd5 42. Qxd5 cxd5 {KR-KR} 43. f4 Kg7 44. Rd8 Kf7 45. Kf2 Rc7 46. Rxd5 Ke6 47. Rd6+ Kf7 48. Kf3 Rxc5 49. Rd7+ Ke6 50. Rxb7 Ra5 51. Rg7 {Accuracy: White = 97%, Black = 55%.} 1-0

[Event "18th Aeroflot Open-A 2020"]
[Site "Moscow"]
[Date "2020.02.21"]
[Round "3.2"]
[White "Zhou, Jianchao"]
[Black "Sethuraman, S.P."]
[Result "1/2-1/2"]
[WhiteElo "2622"]
[BlackElo "2641"]
[Annotator "TA"]
[PlyCount "45"]
[EventDate "2020.02.19"]
[EventType "swiss"]
[EventCountry "RUS"]
[SourceTitle "playchess.com"]
[Source "ChessBase"]
[SourceQuality "1"]

{[%evp 20,32,21,0,0,0,0,0,0,0,0,0,6,6,13]} 1. g3 d5 2. Nf3 Nf6 3. Bg2 c5 4. O-O g6 5. c4 Bg7 6. cxd5 Nxd5 7. d4 cxd4 8. Nxd4 O-O 9. Nb5 Be6 10. Nd4 Bc8 11. Nb5 {The position is equal.} Be6 {D73: Fianchetto Grünfeld: 5 Nf3 .} 12. Bxd5 Bxd5 ({Much worse is} 12... Qxd5 $6 13. Qxd5 Bxd5 14. Nc7 $16) 13. N1c3 Bxc3 14. Nxc3 Be6 $1 15. Bh6 Qxd1 16. Rfxd1 Rc8 {[#] Not much happened in this game.} {Predecessor:} 17. Nd5 $146 Nc6 18. Rac1 Rd8 19. Nc7 Rxd1+ 20. Rxd1 Rd8 21. Rxd8+ Nxd8 22. Nxe6 Nxe6 23. Bd2 {½-½ (36) Goganov,A (2575)-Svidler,P (2740) Nizhnij Novgorod 2013} 1/2-1/2

[Event "18th Aeroflot Open-A 2020"]
[Site "Moscow"]
[Date "2020.02.21"]
[Round "3.3"]
[White "Artemiev, Vladislav"]
[Black "Cordova, Emilio"]
[Result "1/2-1/2"]
[WhiteElo "2728"]
[BlackElo "2593"]
[Annotator "TA"]
[PlyCount "92"]
[EventDate "2020.02.19"]
[EventType "swiss"]
[EventCountry "RUS"]
[SourceTitle "playchess.com"]
[Source "ChessBase"]
[SourceQuality "1"]

{[%evp 20,92,19,0,0,-18,7,0,27,11,56,27,59,58,64,61,60,70,68,61,68,70,73,64,66,73,81,81,88,88,87,81,93,71,91,72,99,75,85,71,90,59,73,81,95,97,91,99,147,137,150,113,110,118,100,89,102,102,95,0,0,0,0,0,0,0,0,0,0,0,0,0,0,0,0]} 1. Nf3 Nf6 2. c4 b6 3. g3 Bb7 4. Bg2 c5 5. O-O g6 6. Nc3 Bg7 7. d4 cxd4 8. Nxd4 Bxg2 9. Kxg2 Nc6 10. Nc2 {was the old line (10.Nxc6).} O-O 11. e4 Ne8 $5 {[%mdl 4] Exploring less charted territory. A30: Symmetrical English: Double Fianchetto and Hedgehog.} 12. Qe2 {[#]} Rc8 $146 ({Predecessor:} 12... Qc8 13. Bd2 Qb7 14. f3 Nd6 15. Bf4 Ne5 16. Nd5 e6 17. Nde3 Rfc8 18. b3 a6 19. Rad1 {½-½ (44) Loginov,V (2355)-Zagrebelny,S Tashkent 1986}) 13. Bd2 a6 14. Rad1 d6 15. b3 Nb8 16. Rc1 e6 17. Nb4 Qd7 18. Rfd1 Qb7 19. f3 Nd7 20. Nd3 Ne5 21. Nxe5 Bxe5 22. Bh6 Bg7 23. Bxg7 Kxg7 24. Qe3 f6 25. Ne2 Rf7 26. Nf4 Re7 27. h4 Kg8 28. b4 Rc6 29. Qb3 Qc8 30. Rc3 Rec7 {[%cal Rc6c4]} 31. Rdc1 b5 {[%cal Rc6c4]} 32. c5 $1 dxc5 33. bxc5 Kh8 34. Nd3 Rd7 35. R1c2 Rd4 36. Nb4 Rc7 {Black wants to play ...a5.} 37. Rd3 Rxd3 38. Nxd3 e5 39. Qa3 (39. Qc3 $16) 39... Nd6 $1 $11 {[%mdl 64] [#] Pin. The position is equal.} 40. Nb2 Nc4 41. Nxc4 Rxc5 {[%mdl 64] Pin} 42. Ne3 Rxc2+ 43. Nxc2 Qxc2+ 44. Kg1 {[%cal Ra3f8] [#]} Qd1+ 45. Kf2 $1 {[%cal Ra3f8]} Qd4+ 46. Kg2 $1 {[%cal Ra3f8]} Qd2+ {Accuracy: White = 86%, Black = 90%.} 1/2-1/2

[Event "18th Aeroflot Open-A 2020"]
[Site "Moscow"]
[Date "2020.02.21"]
[Round "3.4"]
[White "Can, Emre"]
[Black "Sjugirov, Sanan"]
[Result "1/2-1/2"]
[WhiteElo "2600"]
[BlackElo "2674"]
[Annotator "TA"]
[PlyCount "84"]
[EventDate "2020.02.19"]
[EventType "swiss"]
[EventCountry "RUS"]
[SourceTitle "playchess.com"]
[Source "ChessBase"]
[SourceQuality "1"]

{[%evp 15,84,28,31,31,30,38,35,23,23,14,21,18,14,12,12,12,31,28,41,41,35,30,31,31,39,44,39,33,40,34,46,0,65,65,72,72,71,69,66,0,0,0,0,0,0,0,0,0,0,-4,12,32,54,46,68,0,0,0,0,0,6,0,0,0,0,0,0,0,0,0,0]} 1. d4 Nf6 2. c4 c6 3. Nf3 d5 4. e3 Bf5 5. Nc3 e6 6. Nh4 Be4 7. f3 Bg6 8. Qb3 Qc7 9. Bd2 {D12: Slav Defence: 3 Nf3 Nf6 4 e3 Bf5.} Be7 10. Nxg6 hxg6 11. cxd5 {White is slightly better.} cxd5 12. O-O-O Nc6 13. Kb1 a6 14. Rc1 Rc8 15. Bd3 Nd7 16. Ne2 b5 17. a4 $1 bxa4 18. Qxa4 Nb6 19. Qxa6 {[#] Rxc6! is the strong threat.} Ra8 20. Qb5 Kd7 $1 21. Qb3 {Threatens to win with Rxc6!} Qa7 22. Bb5 ({Much worse is} 22. Rxc6 Kxc6 23. Rc1+ (23. Kc2 Kc7 $17) 23... Kb7 $17) 22... Rhc8 $1 {[#] With the idea ...Nc4!} 23. Kc2 $146 ({Predecessor:} 23. Rhe1 Nc4 24. Rxc4 dxc4 25. Qxc4 Kd8 26. Bxc6 Rxc6 27. Qxc6 Qa2+ 28. Kc2 Rc8 29. Qxc8+ Kxc8 {½-½ (29) Mueller,G (2395)-Paap,M (2234) ICCF email 2017}) 23... Nc4 (23... Rab8 $11) 24. Ra1 $1 $14 {[%cal Ra1a7]} ({Wrong is} 24. Bxc4 $2 dxc4 25. Qb5 Rab8 $19) 24... Qc7 {Black wants to play ...Rab8.} 25. Rxa8 ({Avoid the trap} 25. Bxc4 $2 dxc4 26. Qb5 Rcb8 $19) 25... Rxa8 26. Rc1 Nd6 {[#] And now ...Rb8 would win.} 27. Kb1 (27. Ba4 $1 $14) 27... Nxb5 $11 28. Qxb5 Rb8 29. Qa4 Qb7 {[%csl Gb8][%cal Rb7b2]} 30. Bc3 Ra8 31. Qd1 $1 Qb5 32. Kc2 Ra2 {Strongly threatening ...Nb4+.} 33. Rb1 Bb4 34. Qd3 Qb8 35. f4 (35. Nc1 $1 $14 Ra7 36. h3) 35... Bxc3 {The position is equal.} 36. Qxc3 Ra7 37. Kd1 Qb5 38. Rc1 Ra2 39. Rc2 Ra1+ 40. Rc1 Ra2 41. Rc2 Ra1+ 42. Rc1 Ra2 {Accuracy: White = 91%, Black = 96%.} 1/2-1/2

[Event "18th Aeroflot Open-A 2020"]
[Site "Moscow"]
[Date "2020.02.21"]
[Round "3.5"]
[White "Sarana, Alexey"]
[Black "Vaibhav, Suri"]
[Result "1/2-1/2"]
[WhiteElo "2656"]
[BlackElo "2591"]
[Annotator "TA"]
[PlyCount "71"]
[EventDate "2020.02.19"]
[EventType "swiss"]
[EventCountry "RUS"]
[SourceTitle "playchess.com"]
[Source "ChessBase"]
[SourceQuality "1"]

{[%evp 14,71,37,12,32,27,41,25,38,27,29,25,18,18,10,0,12,-34,-34,-39,-11,-39,-30,-39,-32,-43,-34,-45,-62,-52,-20,-12,-14,-16,0,0,0,0,0,0,0,0,0,0,0,0,0,0,0,0,0,0,0,0,0,0,0,0,0,0]} 1. e4 e5 2. Nf3 Nc6 3. Bb5 a6 4. Ba4 Nf6 5. O-O Bc5 6. c3 b5 7. Bb3 d6 8. a4 {[#] Threatens to win with axb5. is now debated instead of 8.d4.} Bb7 {C78: Ruy Lopez: Archangelsk and Möller Defences.} 9. d4 Bb6 10. Bg5 h6 {White has an edge.} 11. Bxf6 Qxf6 12. Bd5 O-O 13. dxe5 dxe5 14. Na3 Rad8 {[#]} 15. Qc2 $146 ({Predecessor:} 15. Qe2 bxa4 16. Nc4 Bc8 17. Ne3 Ne7 18. Bc4 a5 19. Rxa4 Kh8 20. Raa1 Qf4 21. Bd3 {1-0 (37) Smirnov,P (2623)-Shinkevich,V (2503) St Petersburg 2006}) 15... Bc8 16. Bxc6 Qxc6 17. axb5 axb5 18. Nxe5 Qe6 19. Nf3 Bb7 20. Rae1 Rfe8 {[%cal Rb7e4]} 21. Nd2 f5 {[%cal Rf5e4]} 22. Nxb5 {The position is equal.} fxe4 23. Nd4 $1 {[%cal Rd4e6]} Qd5 {Hoping for ...c5.} 24. Re3 $1 Bxd4 25. cxd4 c5 26. Rfe1 {[%cal Rd2e4]} cxd4 27. Rxe4 d3 28. Qc4 $1 (28. Rxe8+ $2 {too greedy.} Rxe8 29. Rxe8+ {[#]} Kh7 $1 $19 {[%mdl 512]}) 28... Rxe4 29. Rxe4 {Rd4 is the strong threat.} Rc8 30. Qxd5+ Bxd5 $11 {[%mdl 4096] Endgame KRB-KRN} 31. Re1 Rc2 32. Rd1 $1 Rxb2 33. f3 Kf7 34. Ne4 Bxe4 35. fxe4 Re2 36. Rxd3 {Accuracy: White = 91%, Black = 95%.} 1/2-1/2

[Event "18th Aeroflot Open-A 2020"]
[Site "Moscow"]
[Date "2020.02.21"]
[Round "3.6"]
[White "Puranik, Abhimanyu"]
[Black "Adhiban, B.."]
[Result "1/2-1/2"]
[WhiteElo "2597"]
[BlackElo "2654"]
[Annotator "TA"]
[PlyCount "105"]
[EventDate "2020.02.19"]
[EventType "swiss"]
[EventCountry "RUS"]
[SourceTitle "playchess.com"]
[Source "ChessBase"]
[SourceQuality "1"]

{[%evp 13,105,9,18,10,18,22,18,20,40,0,0,-14,-18,-14,0,-18,-19,-10,-11,-16,-16,-16,-17,-34,-34,-37,-35,-39,-37,-49,-9,-9,-7,-14,-12,-17,-7,-7,-7,-8,-8,-12,-9,-10,-10,-15,-8,-8,-8,-8,-8,-10,-5,-8,0,0,0,0,0,0,0,0,0,0,0,0,0,0,0,0,0,0,0,0,0,0,0,0,0,0,0,0,0,0,0,0,0,0,0,0,0,0,0,0]} 1. c4 e5 2. g3 c6 3. d4 Bb4+ 4. Bd2 Bxd2+ 5. Qxd2 d6 6. Bg2 Nf6 7. Nc3 O-O 8. e3 {A20: English Opening: 1...e5.} Nbd7 9. Nge2 Re8 10. O-O e4 11. f3 exf3 12. Rxf3 Nb6 13. b3 Bg4 {[#]} 14. Rf4 $146 (14. Rf2 {feels hotter.} d5 15. cxd5 Bxe2 16. Rxe2 Nbxd5 17. e4) ({Predecessor:} 14. Rf2 d5 15. c5 Bxe2 16. Rxe2 Nbd7 17. b4 Re7 18. Rae1 Nf8 19. e4 dxe4 20. Nxe4 Nxe4 21. Bxe4 {½-½ (32) Movsesian,S (2715)-Navara,D (2705) Sibenik 2011}) 14... d5 15. cxd5 Bxe2 16. Qxe2 ({Reject} 16. dxc6 Ba6 $17) 16... Nbxd5 17. Nxd5 Nxd5 18. Rf3 {[#]} f5 $1 {[%mdl 512]} 19. Re1 (19. Rxf5 Nxe3) 19... g6 20. Qd3 Kg7 21. Rff1 $1 Qd6 22. e4 {The position is equal.} fxe4 23. Bxe4 Nf6 24. Bg2 Rad8 25. Rxe8 Rxe8 26. Qc3 Re2 27. Rf2 Re6 28. Bf3 h5 29. b4 Nd5 30. Bxd5 $1 Qxd5 $11 {[%mdl 4096] Endgame KQR-KQR} 31. b5 Re4 32. bxc6 bxc6 33. Qb4 {[#] Strongly threatening Qf8+.} Re8 ({Not} 33... Qxd4 $2 34. Qf8+ Kh7 35. Kg2 $18) 34. Qb7+ Kh6 {( -> ...Re1+)} 35. Qxa7 Re1+ 36. Rf1 Re2 {[%csl Ge2][%cal Rd5g2]} 37. Rf2 Re1+ 38. Rf1 Rxf1+ 39. Kxf1 {KQ-KQ} Qh1+ 40. Kf2 Qxh2+ 41. Kf3 Qh1+ 42. Kf2 Qh2+ 43. Kf3 g5 {aiming for ...g4+.} 44. Qc7 Qh1+ 45. Ke3 Qe1+ 46. Kd3 Qd1+ 47. Ke3 Qc1+ 48. Ke4 {Threatens to win with Qd6+.} Qc2+ 49. Ke3 $1 Qc1+ 50. Ke4 {Black must now prevent Qd6+.} Qe1+ 51. Kd3 Qb1+ 52. Ke3 Qc1+ 53. Ke4 {Accuracy: White = 97%, Black = 97%.} 1/2-1/2

[Event "18th Aeroflot Open-A 2020"]
[Site "Moscow"]
[Date "2020.02.21"]
[Round "3.7"]
[White "Kovalev, Vladislav"]
[Black "Idani, Pouya"]
[Result "0-1"]
[WhiteElo "2650"]
[BlackElo "2577"]
[Annotator "TA"]
[PlyCount "134"]
[EventDate "2020.02.19"]
[EventType "swiss"]
[EventCountry "RUS"]
[SourceTitle "playchess.com"]
[Source "ChessBase"]
[SourceQuality "1"]

{[%evp 10,134,29,0,0,0,12,0,0,0,0,0,2,-1,0,6,0,-51,-10,-18,-6,-42,-37,-60,-62,-45,-7,-50,-52,-45,-51,-47,-58,-70,-73,-73,-71,-75,-65,-77,-93,-74,-58,-93,-92,-108,-100,-120,-96,-102,-97,-102,-106,-100,-76,-76,-73,-77,-76,-132,-54,-132,-59,-127,-86,-86,-75,-60,-58,-47,-8,-8,-8,-8,-8,-8,-8,-8,-8,-8,-8,-77,-77,-61,0,-23,-31,-58,-67,-767,-793,-29951,-29952,-29955,-29954,-29949,-29952,-29953,-29957,-29958,-29954,-29961,-29962,-29962,-29961,-29963,-29964,-29964,-29964,-29963,-29966,-29967,-29965,-29961,-29966,-29963,-29965,-29976,-29977,-29977,-29978,-29978,-29979,-29982,-29982,-29982,-29983]} 1. e4 c5 2. Nf3 d6 3. d4 cxd4 4. Nxd4 Nf6 5. Nc3 a6 6. Qf3 g6 {B90: Sicilian Najdorf: Unusual White 6th moves, 6 Be3 Ng4 and 6 Be3 e5.} 7. h3 Bg7 8. Be3 Bd7 {The position is equal.} 9. O-O-O Nc6 10. Nxc6 Bxc6 11. Bd4 O-O 12. g4 {[#]} b5 $146 ({Predecessor:} 12... Qa5 13. Qe3 Nd7 14. Bxg7 Kxg7 15. h4 Qc5 16. Qd2 h6 17. Bd3 Ne5 18. Qe2 b5 {1-0 (59) Sidhant,M (2357)-Dahale,A (2097) Udaipur 2019}) 13. Be2 (13. g5 $11 Nh5 14. Qe3) 13... Qc8 14. Nd5 Qe6 15. Rhe1 Bh6+ 16. Be3 $1 {[%cal Re3h6]} Bxe3+ 17. Qxe3 Nxe4 18. Bc4 bxc4 19. Qxe4 Bxd5 $1 20. Rxd5 Ra7 21. f4 Qxe4 22. Rxe4 $15 {[%mdl 4096] Endgame KRR-KRR} Rc8 23. Kd2 Rc6 24. f5 Kg7 25. Kc3 Rac7 26. g5 gxf5 27. Rxf5 e6 28. Rf6 Rc5 29. h4 d5 30. Re1 Rb5 31. a3 {[#]} d4+ $1 {[%mdl 512]} 32. Kxd4 Rxb2 33. Rf2 c3 34. Re5 (34. Kd3 $142) 34... Rb6 ({Black should try} 34... Rb1 $17 35. Kd3 Rd1+ 36. Ke3 Rc4) 35. Ke3 (35. h5 $15) 35... Rd6 (35... Rb1 $17 36. Kf3 Rd1) 36. Re4 (36. h5 $15) 36... Rd5 37. Ra4 Rcd7 38. Rxa6 Re5+ 39. Kf4 Rd2 {Strongly threatening ...Rf5+.} 40. Kxe5 {Hoping for Rxd2.} Rxf2 $11 {KR-KR} 41. Kd4 Rxc2 42. Ra4 Rc1 43. Kd3 h6 44. gxh6+ Kxh6 45. Rc4 (45. Re4 $1 $11) 45... Ra1 $17 46. Ra4 Rc1 47. Rc4 Kh5 48. a4 f5 49. Rxc3 $2 {[%mdl 8192] Now White is beyond hope.} (49. Rf4 $15) 49... Ra1 $19 50. Rc8 Rxa4 {Black mates.} 51. Rh8+ Kg4 52. h5 e5 53. h6 Ra3+ 54. Ke2 Rh3 55. h7 Kf4 56. Kf2 Rh6 57. Kg2 Rg6+ 58. Kf2 {[#]} Rg7 $1 {[%cal Rg7b7]} 59. Kf1 e4 60. Ke2 Ra7 61. Kf2 e3+ 62. Ke2 Ra2+ 63. Kd3 Rd2+ 64. Kc3 Rd7 65. Kc2 Rf7 66. Kd3 Kf3 67. Re8 Rd7+ {Accuracy: White = 73%, Black = 88%.} 0-1

[Event "18th Aeroflot Open-A 2020"]
[Site "Moscow"]
[Date "2020.02.21"]
[Round "3.8"]
[White "Paravyan, David"]
[Black "Wagner, Dennis"]
[Result "1-0"]
[WhiteElo "2629"]
[BlackElo "2590"]
[Annotator "TA"]
[PlyCount "69"]
[EventDate "2020.02.19"]
[EventType "swiss"]
[EventCountry "RUS"]
[SourceTitle "playchess.com"]
[Source "ChessBase"]
[SourceQuality "1"]

{[%evp 14,69,11,4,29,6,30,0,0,0,0,0,0,0,0,0,0,0,0,0,0,-48,19,32,79,79,72,69,104,82,147,157,167,165,162,156,203,205,244,240,182,194,292,287,734,731,706,704,1155,1138,1131,1131,1222,1205,1231,1212,1237,1235]} 1. d4 Nf6 2. c4 g6 3. h4 c5 4. d5 d6 5. Nc3 Bg7 6. e4 O-O 7. Be2 e6 8. h5 exd5 {E73: King's Indian: Averbakh Variation without 6...c5.} 9. exd5 Re8 10. h6 Bh8 {The position is equal.} 11. Bg5 Qb6 12. b3 Ne4 13. Nxe4 Rxe4 14. Rc1 {[#]} Na6 $146 ({Predecessor:} 14... Nd7 15. Kf1 Re8 16. Rh4 Ne5 17. g3 a6 18. Kg2 Qa5 19. a4 Bf5 20. Nh3 Bxh3+ 21. Rxh3 {1-0 (30) Grischuk,A (2759)-Gelfand,B (2686) Amsterdam 2019}) 15. Rh4 Rxh4 16. Bxh4 Bf5 17. Bg4 Re8+ ({Black should play} 17... Bxg4 $15 18. Qxg4 Nb4) 18. Kf1 $11 Bxg4 19. Qxg4 {Qd7 is the strong threat. White now steadily converts the win.} f5 20. Qd1 Re4 21. Bg5 Nb4 {[#]} (21... Qa5 $142) 22. f3 $1 $40 {[%cal Rf3e4][%mdl 128] Black is in trouble.} Re8 {[#]} 23. Qd2 $1 Qc7 24. Nh3 Qd7 25. Nf4 b6 26. Ne6 Na6 27. Re1 Be5 (27... b5 {was necessary.} 28. Bf4 Bf6) 28. a3 Rc8 $2 (28... Nb8 29. Re2 Qf7) 29. f4 $18 {White is clearly winning.} Bh8 {[#]} 30. Ng7 $1 {[%mdl 512]} Bxg7 31. Re7 Qxe7 32. Bxe7 Bxh6 33. Qe3 {Threatening mate with Qe6+!} Nc7 34. Bxd6 Re8 35. Qh3 {Accuracy: White = 92%, Black = 45%.} 1-0

[Event "18th Aeroflot Open-A 2020"]
[Site "Moscow"]
[Date "2020.02.21"]
[Round "3.9"]
[White "Deac, Bogdan-Daniel"]
[Black "Sychev, Klementy"]
[Result "1/2-1/2"]
[WhiteElo "2626"]
[BlackElo "2563"]
[Annotator "TA"]
[PlyCount "36"]
[EventDate "2020.02.19"]
[EventType "swiss"]
[EventCountry "RUS"]
[SourceTitle "playchess.com"]
[Source "ChessBase"]
[SourceQuality "1"]

{[%evp 13,36,20,26,24,22,9,13,7,4,9,14,4,11,0,0,0,0,0,0,0,0,3,4,7,8]} 1. c4 c5 2. Nf3 Nf6 3. Nc3 e6 4. e4 Nc6 5. Be2 d5 6. exd5 exd5 7. d4 cxd4 8. Nxd4 {A34: Symmetrical English: 2 Nc3, lines with ...d5.} dxc4 9. Nxc6 {[%csl Gc6][%cal Rd1d8] [#]The position is equal.} Qxd1+ 10. Nxd1 {Nd4 is the strong threat.} bxc6 11. Bxc4 Nd5 {[#]} 12. Bd2 $146 ({Predecessor:} 12. O-O Be6 13. b3 Be7 14. Bd2 O-O 15. Ba5 Rfe8 16. Re1 h6 17. Rb1 Bf6 18. Rc1 {½-½ (33) Nihal,S (2551)-Kuzubov,Y (2660) Ankara 2018}) 12... Be6 13. Rc1 Be7 14. Ne3 O-O 15. O-O a5 16. Rfd1 Rfd8 17. Nxd5 cxd5 18. Bb5 a4 {A rather calm draw. Accuracy: White = 100%, Black = 100%.} 1/2-1/2

[Event "18th Aeroflot Open-A 2020"]
[Site "Moscow"]
[Date "2020.02.21"]
[Round "3.11"]
[White "Zvjaginsev, Vadim"]
[Black "Zanan, Evgeny"]
[Result "1/2-1/2"]
[WhiteElo "2623"]
[BlackElo "2500"]
[Annotator "TA"]
[PlyCount "103"]
[EventDate "2020.02.19"]
[EventType "swiss"]
[EventCountry "RUS"]
[SourceTitle "playchess.com"]
[Source "ChessBase"]
[SourceQuality "1"]

{[%evp 11,103,16,27,7,7,0,1,0,7,12,7,5,10,10,14,6,20,10,8,12,14,8,26,22,25,12,22,0,13,0,0,-4,0,0,0,-18,0,-52,-6,-18,0,0,0,0,6,6,8,7,2,0,0,0,0,0,0,0,0,0,0,0,0,0,0,0,1,0,1,1,1,1,1,0,8,8,8,0,0,0,1,0,0,0,0,0,0,0,0,0,0,0,0,0,0,0]} 1. e4 e5 2. Nf3 Nc6 3. Bc4 Bc5 4. O-O Nf6 5. d3 d6 6. c3 h6 7. a4 {[#] aiming for b4. C54: Giuoco Piano: 4 c3 Nf6, main lines with 5 d4 and 5 d3.} a5 8. Na3 O-O 9. Nc2 (9. Re1 {with more complications.} Ne7 10. Nc2 c6 11. d4 exd4 12. cxd4 Bb6 13. Bd3) 9... Re8 (9... Ne7 {feels hotter.} 10. Re1 Bb6 11. Be3 c6 12. d4 Nxe4 13. dxe5 d5) 10. Be3 Bxe3 11. Nxe3 Be6 {[#]} 12. Bb5 $146 ({Predecessor:} 12. Bxe6 Rxe6 13. Nd5 Re8 14. Re1 Nxd5 15. exd5 Ne7 16. d4 Nxd5 17. dxe5 dxe5 18. Nxe5 {½-½ (33) Xu,Y (2522)-Zhou,J (2616) Xinghua 2018}) 12... Bd7 13. Qb3 Rb8 14. Rad1 Ne7 15. Bc4 Rf8 16. Qc2 c6 17. d4 Qc7 18. Rfe1 b5 {[#] Threatens to win with ...exd4.} 19. Bf1 Rfe8 20. axb5 cxb5 21. c4 exd4 22. Nxd4 {[%cal Rc4b5]} bxc4 23. Bxc4 Qb7 24. Nf3 (24. b4 $11) 24... Qxe4 25. Qd2 {The position is equal.} Ng6 26. Qxa5 Rxb2 27. Rxd6 Ne5 28. Nxe5 Qxe5 29. Qxe5 Rxe5 30. Red1 {Black must now prevent Rxf6!} Be6 {With the idea ...Rxe3!} 31. Bxe6 Rxe6 32. Rxe6 fxe6 $11 {[%mdl 4096] Endgame KRN-KRN} 33. Rd8+ Kf7 34. g3 Rb1+ 35. Kg2 Rc1 36. h4 g5 37. Rd4 Rc5 38. Ra4 gxh4 39. Rxh4 h5 40. Ra4 Kg6 41. Ra6 e5 42. Kh3 Kg5 43. Ra8 Kg6 44. Ra7 Ne4 45. Kg2 Nf6 46. Kf3 Rb5 47. Re7 Rc5 48. Re6 Kg5 49. Ke2 Kg6 50. Kf3 Kg5 51. Kg2 Ng4 52. Nxg4 {Not much happened in this game. Accuracy: White = 98%, Black = 97%.} 1/2-1/2